000 01473nam a2200373Ia 4500
005 20220317000117.0
007 ta
008 210824s20132017mx a cr 000 jdspa d
020 _a9789681661342
040 _aCO-BoRNBP
_bspa
_erda
_cCO-BoRNBP
041 0 _aspa
043 _as-ck---
084 _aC ARC1
100 1 _aArciniegas, Triunfo
_d1957-
_eautor
245 1 3 _aEl vampiro y otras visitas
_cTriunfo Arciniegas; ilustraciones de Jotavé
250 _aPrimera edición
_bDecima reimpresión
264 1 _aMéxico
_bFondo de Cultura Económica
_c2013
_c2017
300 _a61 páginas
_bilustraciones
_c19 cm
336 _atexto
_btxt
_2rdacontent
337 _asin mediación
_bn
_2rdamedia
338 _avolumen
_bnc
_2rdacarrier
490 0 _aA la orilla del viento
_p131
505 3 _tEl profe Mambrú
_tLa gallina de Emperatriz
_tPatas de pulga
_t El ángel
_tLa moneda del diablo
_t El tío Alejandro Almenábar
_tLa muerta
_tEl vampiro y la niebla
521 _aRecomendado para un público infantil mayor de 6 años
545 _aIncluye datos biográficos del autor e ilustrador en la contracarátula
650 1 7 _aCuentos infantiles colombianos
_ySiglo XX
_2LEMB
650 1 7 _aLiteratura infantil colombiana
_ySiglo XX
_2LEMB
650 1 7 _aAutores colombianos
_ySiglo XX
_2LEMB
650 1 7 _aVisitas
_vCuentos
_2LEMB
650 1 7 _aVampiros
_vCuentos
_2LEMB
650 1 7 _aÁngeles
_vCuentos
_2LEMB
700 1 _aJotavé
_eilustrador
_9183870
942 _2loc
_cBKINF
999 _c3131
_d3131